Polymer chemistry (Record no. 590196)
[ view plain ]
| 000 -LEADER | |
|---|---|
| fixed length control field | 00270nam a22001217a 4500 |
| 040 ## - CATALOGING SOURCE | |
| Transcribing agency | SCME |
| 100 ## - MAIN ENTRY--PERSONAL NAME | |
| Personal name | Timothy P.Lodge,Paul C.hiemenz |
| 9 (RLIN) | 92088 |
| 245 ## - TITLE STATEMENT | |
| Title | Polymer chemistry |
| 250 ## - EDITION STATEMENT | |
| Edition statement | 3rd. |
| 260 ## - PUBLICATION, DISTRIBUTION, ETC. | |
| Place of publication, distribution, etc. | uk |
| Name of publisher, distributor, etc. | CRC Press |
| Date of publication, distribution, etc. | 2020 |
| 300 ## - PHYSICAL DESCRIPTION | |
| Extent | 661p. |
| 942 ## - ADDED ENTRY ELEMENTS (KOHA) | |
| Source of classification or shelving scheme | |
| Koha item type | Book |
| Withdrawn status | Lost status | Source of classification or shelving scheme | Damaged status | Not for loan | Permanent Location | Current Location | Date acquired | Total Checkouts | Total Renewals | Full call number | Barcode | Checked out | Date last seen | Date last checked out | Price effective from | Koha item type |
|---|---|---|---|---|---|---|---|---|---|---|---|---|---|---|---|---|
| School of Chemical & Materials Engineering (SCME) | School of Chemical & Materials Engineering (SCME) | 06/27/2022 | 1 | 2 | 547.7 L822P | SCME-4822 | 12/24/2024 | 07/22/2022 | 07/22/2022 | 06/27/2022 | Book |
